Cities With More Than 20 million people - Statistics

General Stats
  • This quiz has been taken 115 times
    60 since last reset
  • The average score is 14 of 16
Answer Stats
Population City % Correct
33.4 m Delhi
98%
40.8 m Tokyo
98%
23.1 m New York
95%
40 m Shanghai
95%
22.2 m Cairo
90%
20.9 m Beijing
88%
26.7 m Manila
88%
24.9 m Mexico City
88%
26.6 m Mumbai
88%
67.8 m Guangzhou
86%
21.4 m Lagos
86%
28.9 m Jakarta
83%
23 m Sao Paulo
83%
20.5 m Bangkok
71%
21.3 m Dhaka
69%
24.9 m Seoul
69%
No matching quizzes found
Score Distribution
Percent of People with Each Score
Percentile by Number Answered
Your Score History
You have not taken this quiz since the last reset